Periodensystem der Elemente - deutsch - Statistiken

Allgemein
  • Dieses Quiz wurde 5.938 mal gespielt
    4.275 seit der letzten Aktualisierung
  • Das Durchschnittsergebnis liegt bei 41 aus 112
Antwortstatistiken
Ordnungszahl Element % Korrekt
1 Wasserstoff
97%
2 Helium
91%
8 Sauerstoff
91%
79 Gold
90%
26 Eisen
85%
47 Silber
85%
6 Kohlenstoff
83%
11 Natrium
76%
7 Stickstoff
75%
12 Magnesium
74%
29 Kupfer
72%
17 Chlor
71%
92 Uran
71%
3 Lithium
70%
10 Neon
70%
19 Kalium
69%
13 Aluminium
67%
30 Zink
66%
16 Schwefel
65%
5 Bor
64%
35 Brom
63%
18 Argon
62%
9 Fluor
61%
82 Blei
60%
20 Calcium
60%
80 Quecksilber
58%
54 Xenon
58%
50 Zinn
57%
99 Einsteinium
54%
53 Jod
53%
28 Nickel
53%
15 Phosphor
53%
78 Platin
53%
32 Germanium
51%
22 Titan
51%
25 Mangan
49%
86 Radon
49%
94 Plutonium
46%
4 Beryllium
45%
88 Radium
45%
14 Silizium
43%
24 Chrom
42%
33 Arsen
41%
36 Krypton
41%
110 Darmstadtium
40%
34 Selen
40%
74 Wolfram
40%
31 Gallium
39%
27 Kobalt
39%
56 Barium
38%
55 Cäsium
32%
87 Francium
31%
23 Vanadium
30%
84 Polonium
29%
77 Iridium
28%
38 Strontium
28%
49 Indium
26%
46 Palladium
25%
37 Rubidium
25%
104 Rutherfordium
25%
39 Yttrium
25%
83 Bismut
24%
98 Californium
24%
58 Cer
24%
52 Tellur
24%
85 Astat
23%
48 Kadmium
22%
42 Molybdän
22%
76 Osmium
22%
21 Scandium
22%
63 Europium
20%
41 Niob
20%
45 Rhodium
20%
73 Tantal
20%
95 Americium
19%
93 Neptunium
19%
57 Lanthan
18%
51 Antimon
17%
96 Curium
17%
40 Zirkonium
17%
107 Bohrium
16%
72 Hafnium
16%
108 Hassium
16%
44 Ruthenium
16%
81 Thallium
16%
90 Thorium
16%
43 Technetium
15%
70 Ytterbium
15%
68 Erbium
14%
101 Mendelevium
14%
103 Lawrencium
13%
60 Neodym
13%
102 Nobelium
13%
89 Actinium
12%
100 Fermium
12%
75 Rhenium
12%
71 Lutetium
11%
111 Roentgenium
11%
97 Berkelium
10%
105 Dubnium
10%
67 Holmium
10%
109 Meitnerium
10%
65 Terbium
10%
69 Thulium
10%
112 Copernicium
9%
59 Praseodym
8%
61 Promethium
8%
62 Samarium
8%
106 Seaborgium
8%
66 Dysprosium
7%
64 Gadolinium
7%
91 Protactinium
7%
Keine übereinstimmenden Quizze gefunden
Verteilung der Resultate
Anzahl Personen mit jedem Resultat
Perzentil nach korrekt beantworteten Fragen
Ihre Resultats-Entwicklung
Sie haben dieses Quiz seit der letzten Aktualisierung nicht gespielt